000 00910nam a2200241Ia 4500
003 OSt
005 20221005113517.0
006 a|||||r|||| 00| 0
007 ta
008 221004b |||||||| |||| 00| 0 pan d
020 _c450
024 _a114234
037 _b579, 04/02/2012, H.K. Prakashan
_cTextual
040 _aCRL
_cCRL
_bpan
041 _2pan
_apan
082 _aO153vN, P7
100 _aਸੇਖੋ੍ਵ, ਰਾਜਿੰਦਰ ਸਿੰਘ
245 0 _aਪੰਜਾਬੀ ਸਾਹਿਤ ਦਾ ਨਵੀਨ ਇਤਿਹਾਸ
_b ਆਦਿ ਕਾਲ ਤੋ੍ਵ ਸਮਕਾਲ ਤੱਕ
260 _aਲੁਧਿਆਣਾ
_bਲਾਹੌਰ ਬੂੱਕ ਾਪ ਭਾਰਤ
_c2007
300 _a728ਪੰ
_ccm.
942 _hO153vN, P7
_cTEXL
_2cc
999 _c1028419
_d1028419